000 00916cam a22002771 4500
001 sa 68000598
003 DLC
005 20260227112425.0
008 910221m19641965ii d 000 0 arar
010 _asa 68000598
025 _aPL480:UAR-1688
035 _a(OCoLC)23133869
040 _aDLC
_cWaU
_dDLC
041 0 _aaraurd
042 _apremarc
050 0 0 _aBP133
_b.N8
100 1 _aNaʻmānī, Muḥammad ʻAbd al-Rashīd.
245 0 0 _aMukammal lughāt al-Qurʼān,
_bmaʻa fihrist alfāẓ.
_c/ Taʼlif Muḥammad ʻAbdurrashīd Nuʻmānī.
260 _a[Dehlī,
_bNadvat al-muṣannifīn,
_c1964-65]
300 _a6 v.
_c25 cm.
490 0 _aSilsilah-yi nadvat al-Muṣannifīn,
_v24, 28, 55, 63, 66
500 _aVols. 5-6: Taʼlīf: Sayyid ʻAbdudāʼim Jalālī.
500 _aArabic and Urdu.
630 0 0 _aQurʼan
_xDictionaries
_xUrdu.
700 1 _aJalālī, ʻAbduddaʼim,
_ejoint author.
999 _c77319
_d77319